[Event "2016 Wellington Easter Open"]
[Site "Wellington NZL"]
[Date "2016.03.27" ]
[Round "5.1"]
[White "Wastney, Scott"]
[Black "Ker, Anthony F"]
[Result "1-0"]
[WhiteElo "2448"]
[BlackElo "2415"]
[PlyCount "0"]
[EventDate "2016.03.25"]
[SourceDate ""]

1.e4 d6 2.d4 Nf6 3.Nc3 g6 4.f4 Bg7 5.Nf3 c5 6.Bb5+ Bd7 7.e5 Ng4 8.Bxd7+ Qxd7
9.h3 cxd4 10.Qxd4 Nh6 11.g4 f5 12.exf6 Bxf6 13.Qc4 Na6 14.Nd5 Bg7 15.Qe2
O-O-O 16.Be3 e6 17.Qc4+ Kb8 18.Nb4 Nxb4 19.Qxb4 Qc6 20.O-O e5 21.fxe5 dxe5
22.Ng5 Rhf8 23.Rxf8 Bxf8 24.Qa5 b6 25.Qxe5+ Bd6 26.Qe4 Qxe4 27.Nxe4 Re8
28.Bxh6 Rxe4 29.Kf2 Kc7 30.Rd1 Ra4 31.a3 Be5 32.c3 Rc4 33.Rd3 a5 34.Ke3 a4
35.Rd5 Bh2 36.Rd4 Bg1+ 37.Kd3 Rxd4+ 38.cxd4 Kc6 39.Ke4 Bf2 40.d5+ Kd6 41.Bf4+
Kc5 42.Ke5 b5 43.Ke6 Kc4 44.d6 1-0

[Event "2016 Wellington Easter Open"]
[Site "Wellington NZL"]
[Date "2016.03.27" ]
[Round "5.2"]
[White "Croad, Nicholas"]
[Black "Vincenti, David"]
[Result "1-0"]
[WhiteElo "2412"]
[BlackElo "2179"]
[PlyCount "0"]
[EventDate "2016.03.25"]
[SourceDate ""]

1.d4 f5 2.Nf3 e6 3.g3 Nf6 4.Bg2 Be7 5.O-O O-O 6.c4 d6 7.Nc3 Ne4 8.Nxe4 fxe4
9.Nd2 d5 10.f3 Nc6 11.fxe4 Rxf1+ 12.Nxf1 dxc4 13.Be3 Bd7 14.Rc1 b5 15.e5 Rb8
16.Bf2 Bg5 17.Rc3 Be8 18.h4 Be7 19.Rc1 Qd7 20.Qd2 Bb4 21.Qf4 Bg6 22.a3 Rf8
23.Qe3 Ba5 24.Rd1 Bb6 25.Bf3 Rd8 26.Qg5 Bc2 27.Bxc6 1-0

[Event "2016 Wellington Easter Open"]
[Site "Wellington NZL"]
[Date "2016.03.27" ]
[Round "5.3"]
[White "Lyall, Simon"]
[Black "Dive, Russell J"]
[Result "0-1"]
[WhiteElo "1988"]
[BlackElo "2452"]
[PlyCount "0"]
[EventDate "2016.03.25"]
[SourceDate ""]

1.e4 c6 2.Nc3 d5 3.Nf3 h6 4.exd5 cxd5 5.d4 Bf5 6.Bd3 Bxd3 7.Qxd3 a6 8.O-O e6
9.a3 Nf6 10.b4 Bd6 11.Bb2 O-O 12.Rfe1 Qc7 13.h3 Nbd7 14.Rac1 Nb6 15.Ne5 Rfc8
16.g4 Qd8 17.f4 Nc4 18.Nxc4 Rxc4 19.Rf1 a5 20.b5 Rac8 21.Nb1 Qc7 22.c3 Bxf4
23.Rc2 Ne4 24.Qf3 Bg5 25.Rh2 Qe7 26.h4 Bxh4 27.Bc1 Bg5 28.Bxg5 Nxg5 29.Qf4
Qc7 30.Qe3 Qd7 31.Qe5 Qxb5 0-1

[Event "2016 Wellington Easter Open"]
[Site "Wellington NZL"]
[Date "2016.03.27" ]
[Round "5.4"]
[White "Kulkarni, Yogesh"]
[Black "Steadman, Michael V R"]
[Result "1/2-1/2"]
[WhiteElo "1854"]
[BlackElo "2338"]
[PlyCount "0"]
[EventDate "2016.03.25"]
[SourceDate ""]

1.c4 f5 2.g3 Nf6 3.Bg2 g6 4.Nc3 Bg7 5.d4 d6 6.Nf3 O-O 7.O-O c6 8.Bg5 Qe8
9.Qd2 e5 10.dxe5 dxe5 11.Bh6 Nbd7 12.Bxg7 Kxg7 13.Rad1 a6 14.Qd6 Ng4 15.Ng5
Rf6 16.Qc7 h6 17.Nf3 e4 18.Nd4 Qe5 19.Qxe5 Ngxe5 20.b3 b5 21.f3 b4 22.Na4 c5
23.Nc2 exf3 24.exf3 Ra7 25.f4 Nf7 26.Rfe1 Kf8 27.Rd5 Rc7 28.Red1 Re6 29.Kf2
Ke8 30.Ne3 Nd8 31.Rd6 Rxd6 32.Rxd6 Kf7 33.Bd5+ Kg7 34.Bf3 Nf7 35.Rc6 Rxc6
36.Bxc6 Nd6 37.Bxd7 Ne4+ 38.Ke1 Bxd7 39.Nb6 Bc6 40.Nbd5 Kf7 41.Ke2 a5 42.Kd3
a4 43.bxa4 Bxa4 44.Nb6 Bc6 45.Kc2 Ke6 46.a3 bxa3 47.Kb3 Nd2+ 48.Kxa3 Nf3
49.h4 Nd4 50.Na4 Bxa4 51.Kxa4 Kd6 52.Ka5 Ne2 53.h5 Nxg3 54.hxg6 Ke6 55.g7 Kf7
56.g8=Q+ Kxg8 57.Kb5 h5 58.Ng2 Ne4 59.Nh4 Kf7 60.Nxf5 Ke6 61.Ng7+ Kf6
62.Nxh5+ Kg6 63.Ng3 Nxg3 64.Kxc5 Kf5 65.Kb6 Ne4 66.c5 Nxc5 67.Kxc5 Kxf4
1/2-1/2

[Event "2016 Wellington Easter Open"]
[Site "Wellington NZL"]
[Date "2016.03.27" ]
[Round "5.5"]
[White "Thornton, Giovanni A"]
[Black "Goodhue, Nathan"]
[Result "1-0"]
[WhiteElo "2235"]
[BlackElo "2074"]
[PlyCount "0"]
[EventDate "2016.03.25"]
[SourceDate ""]

1.c4 f5 2.Nc3 Nf6 3.g3 g6 4.Bg2 Bg7 5.Nf3 c5 6.O-O O-O 7.d4 cxd4 8.Nxd4 Nc6
9.e3 a6 10.b3 Nxd4 11.exd4 Re8 12.Re1 e6 13.Bf4 d6 14.Qd2 Nh5 15.Bg5 Nf6
16.Rad1 Rb8 17.c5 b5 18.Qf4 Bb7 19.c6 Bc8 20.c7 Qxc7 21.Bxf6 Bxf6 22.Nd5 Qd8
23.Nxf6+ Qxf6 24.Qxd6 Bb7 25.Bxb7 Rxb7 26.Qxa6 Ree7 27.d5 Rbd7 28.d6 Re8
29.Qxb5 Red8 30.Qc5 f4 31.Qe5 Qxe5 32.Rxe5 fxg3 33.hxg3 Rxd6 34.Rxd6 Rxd6
35.a4 Kf7 36.Rb5 h5 37.Kg2 Kf6 38.a5 g5 39.b4 h4 40.gxh4 gxh4 41.Rb6 Rd2
42.a6 h3+ 43.Kxh3 Rxf2 44.b5 Ra2 45.Rb7 e5 46.a7 e4 47.Rb6+ 1-0

[Event "2016 Wellington Easter Open"]
[Site "Wellington NZL"]
[Date "2016.03.27" ]
[Round "5.6"]
[White "Sellen, Ian"]
[Black "Nicholls, Leighton"]
[Result "0-1"]
[WhiteElo "2116"]
[BlackElo "1985"]
[PlyCount "0"]
[EventDate "2016.03.25"]
[SourceDate ""]

1.c4 Nf6 2.g3 c5 3.Bg2 Nc6 4.Nc3 g6 5.e3 Bg7 6.Nge2 O-O 7.d4 d6 8.O-O Bd7
9.b3 Ne8 10.d5 Ne5 11.f4 Ng4 12.h3 Nh6 13.Qd2 f5 14.Bb2 a6 15.e4 Qc8 16.e5
Nc7 17.e6 Be8 18.Kh2 b5 19.Nd1 Bxb2 20.Nxb2 bxc4 21.bxc4 Rb8 22.Nd3 Qb7
23.Qc2 Kg7 24.Rab1 Qc8 25.Qc3+ Kg8 26.Bf3 Ba4 27.g4 fxg4 28.hxg4 Ne8 29.Rxb8
Qxb8 30.Rg1 Ng7 31.Be4 Kh8 32.f5 gxf5 33.gxf5 Rf6 34.Rg5 Qb1 35.Nf2 Qxa2
36.Qg3 Ngxf5 37.Bxf5 Rxf5 38.Rxf5 Nxf5 39.Qf3 Qc2 40.Ng3 Nh6 41.Qf4 Qg6
42.Qf8+ Ng8 43.Nfe4 Qh6+ 44.Qxh6 Nxh6 45.Nh5 Ng4+ 46.Kg3 Ne5 0-1

[Event "2016 Wellington Easter Open"]
[Site "Wellington NZL"]
[Date "2016.03.27" ]
[Round "5.7"]
[White "Nyberg, Michael"]
[Black "Jackson, L Ross"]
[Result "0-1"]
[WhiteElo "2068"]
[BlackElo "2027"]
[PlyCount "0"]
[EventDate "2016.03.25"]
[SourceDate ""]

1.d4 d5 2.c4 e6 3.Nc3 Be7 4.Nf3 Nf6 5.cxd5 exd5 6.Bg5 c6 7.e3 O-O 8.Bd3 Ne4
9.Bf4 Nxc3 10.bxc3 Nd7 11.O-O Nf6 12.h3 h6 13.Ne5 Nd7 14.Ng4 Nf6 15.Nxh6+
gxh6 16.Bxh6 Re8 17.Qf3 Bf8 18.Qg3+ Kh8 19.Qh4 Bxh6 20.Qxh6+ Kg8 21.f4 Ne4
22.Rf3 Bf5 23.Bxe4 Rxe4 24.Rg3+ Bg6 25.f5 Rh4 26.Rxg6+ fxg6 27.Qxg6+ Kh8
28.f6 Qg8 29.Qf5 Qh7 30.Qf2 Rf8 31.Rf1 Rf7 32.Qg3 a6 33.Rf3 Rh6 34.Qe5 Qe4
35.Qg5 Qg6 36.Qe5 Rh5 37.Qd6 Rg5 38.Rf2 Rf5 39.Rb2 R5xf6 40.Qb8+ Qg8 41.Qe5
Qg6 42.Qb8+ Qg8 43.Qe5 Kh7 44.Qh5+ Rh6 45.Qe5 Qf8 46.Rb1 b5 47.a4 Qd6 48.Qg5
Rg6 49.Qh4+ Kg7 50.axb5 axb5 51.g4 Rf3 52.Kg2 Rxe3 53.Rb2 Rxc3 54.Re2 Qf6
55.Re7+ Kf8 0-1

[Event "2016 Wellington Easter Open"]
[Site "Wellington NZL"]
[Date "2016.03.27" ]
[Round "5.8"]
[White "Timergazi, Layla"]
[Black "Song, Kate"]
[Result "0-1"]
[WhiteElo "2152"]
[BlackElo "1701"]
[PlyCount "0"]
[EventDate "2016.03.25"]
[SourceDate ""]

1.e4 e6 2.d4 d5 3.Nc3 Nf6 4.e5 Nfd7 5.f4 c5 6.Nf3 Nc6 7.Bb5 Qb6 8.Bxc6 bxc6
9.Na4 Qa5+ 10.c3 Ba6 11.Be3 cxd4 12.b4 Qc7 13.Nxd4 Be7 14.Qg4 g6 15.Kf2 c5
16.bxc5 Nxc5 17.Nxc5 Bxc5 18.Nxe6 Bxe3+ 19.Kxe3 Qxc3+ 20.Kf2 Qd2+ 21.Kg3 Qe3+
22.Kh4 Qb6 23.Ng5 h6 24.Nf3 Bc8 25.f5 Bxf5 26.Qa4+ Bd7 27.Qc2 Rc8 28.Qd2 Rc4+
0-1

[Event "2016 Wellington Easter Open"]
[Site "Wellington NZL"]
[Date "2016.03.27" ]
[Round "5.9"]
[White "Stracy, Don M"]
[Black "Nijman, Brian"]
[Result "0-1"]
[WhiteElo "1742"]
[BlackElo "2141"]
[PlyCount "0"]
[EventDate "2016.03.25"]
[SourceDate ""]

1.e4 c5 2.Nf3 a6 3.c4 g6 4.Nc3 Bg7 5.d4 cxd4 6.Nxd4 d6 7.Be3 Nf6 8.Be2 O-O
9.O-O Qc7 10.Nd5 Nxd5 11.cxd5 e5 12.Nb3 f5 13.Rc1 Qd8 14.f3 Nd7 15.Nd2 Nf6
16.Rc2 fxe4 17.fxe4 Bd7 18.Bf3 Rc8 19.Rxc8 Bxc8 20.b3 h5 21.h3 { (=) }
21...Kh7 22.Nc4 b5 23.Nd2 Bh6 24.Bxh6 Qb6+ 25.Kh2 Kxh6 26.b4 Bd7 27.Nb3 Kg7
28.Qd2 Nxe4 29.Qd3 Nf6 30.Be4 Nxe4 31.Rxf8 Kxf8 32.Qxe4 Bf5 33.Qh4 Qc7
34.Qf6+ Kg8 { (Can't decipher the rest) } 0-1

[Event "2016 Wellington Easter Open"]
[Site "Wellington NZL"]
[Date "2016.03.27" ]
[Round "5.10"]
[White "List, Robert"]
[Black "Forster, William"]
[Result "0-1"]
[WhiteElo "1661"]
[BlackElo "2075"]
[PlyCount "0"]
[EventDate "2016.03.25"]
[SourceDate ""]

1.e4 e5 2.Bc4 Nf6 3.d3 Bc5 4.Be3 Bb6 5.c3 c6 6.Nf3 Qe7 7.O-O O-O 8.Bg5 h6
9.Be3 d5 10.exd5 cxd5 11.Bb3 Bc7 12.h3 Nc6 13.Ne1 Re8 14.Bc2 Bf5 15.g4 e4
16.Ng2 exd3 17.Ba4 Be4 18.f3 Bh7 19.Qd2 Qe5 20.f4 Qe4 21.f5 { (=) } 21...Qxa4
22.Qxd3 Qc4 23.Qd2 Ne4 24.Qc1 Ng3 25.Na3 Qd3 26.Qd2 Qxd2 27.Bxd2 Bb6+ 28.Kh2
Nxf1+ 29.Rxf1 Re2 30.Nb1 Kf8 31.Kg3 Rae8 32.b4 Bc7+ 33.Kh4 Rxg2 0-1

[Event "2016 Wellington Easter Open"]
[Site "Wellington NZL"]
[Date "2016.03.27" ]
[Round "5.11"]
[White "James, Jack"]
[Black "Burns, Guy"]
[Result "1-0"]
[WhiteElo "2097"]
[BlackElo "1642"]
[PlyCount "0"]
[EventDate "2016.03.25"]
[SourceDate ""]

1.e4 c5 2.Nc3 Nc6 3.f4 e5 4.Bc4 Nf6 5.d3 Be7 6.Nf3 exf4 7.Bxf4 d6 8.h3 a6
9.a3 h6 10.O-O O-O 11.Qe1 Nh5 12.Bh2 Nf6 13.Qf2 Kh8 14.Rae1 Nd7 15.Bd5 Nf6
16.Bxc6 bxc6 17.e5 Nd5 18.exd6 Bxd6 19.Bxd6 Qxd6 20.Ne4 Qg6 21.Ne5 Qh5
22.Nxf7+ Kh7 23.Qe2 Qg6 24.Ne5 Rxf1+ 25.Rxf1 Qe8 26.Nxc5 Qe7 27.d4 Bxh3
28.Qd3+ Kg8 29.Qxh3 Re8 30.Qg3 Nf6 31.c3 Qd6 32.Qg6 Qe7 33.Rxf6 Qxf6 34.Qxe8+
Kh7 35.Ncd7 1-0

[Event "2016 Wellington Easter Open"]
[Site "Wellington NZL"]
[Date "2016.03.27" ]
[Round "5.12"]
[White "Murdoch, Stephen"]
[Black "Barraza-Perez, Jesse"]
[Result "0-1"]
[WhiteElo "1625"]
[BlackElo "1925"]
[PlyCount "0"]
[EventDate "2016.03.25"]
[SourceDate ""]

1.d4 c5 2.e3 d5 3.b3 Nf6 4.Bb2 Nc6 5.Nd2 Bf5 6.a3 Qa5 7.dxc5 Qxc5 8.Bd3 Bg6
9.Bxg6 hxg6 10.Ngf3 Qd6 11.c4 e5 12.cxd5 Qxd5 13.Nc4 Qe4 14.O-O Rd8 15.Qe2
Bc5 16.Rad1 O-O 17.b4 Bd4 18.Ng5 Qh4 19.exd4 Qxg5 20.dxe5 Nd5 21.Qe4 Nf4
22.Kh1 Qg4 23.Nd6 Rfe8 24.g3 Qh3 25.Qxf4 Qe6 26.Nxe8 Rxe8 27.Rfe1 Ne7 28.Rd6
Qb3 29.Qd4 Nf5 30.Qc3 Qa4 31.e6 f6 32.g4 Nxd6 33.g5 Rc8 34.Qd4 Qc6+ 35.Kg1
Nf5 36.Qd7 Nh4 37.Qxc6 bxc6 38.gxf6 Nf3+ 39.Kf1 Nxe1 40.f7+ Kf8
{ Lost on time. } 0-1

[Event "2016 Wellington Easter Open"]
[Site "Wellington NZL"]
[Date "2016.03.27" ]
[Round "5.14"]
[White "Wight, Joshua"]
[Black "Roberts, Michael H"]
[Result "1-0"]
[WhiteElo "1534"]
[BlackElo "1843"]
[PlyCount "0"]
[EventDate "2016.03.25"]
[SourceDate ""]

1.e4 e5 2.Nf3 Nf6 3.Nc3 Bb4 4.Nd5 Nxd5 5.exd5 d6 6.c3 Bc5 7.d4 exd4 8.Nxd4
O-O 9.Be3 Re8 10.Be2 Nd7 11.O-O Ne5 12.Re1 Bd7 13.Nf3 Bxe3 14.fxe3 c6 15.Nxe5
Rxe5 16.dxc6 Bxc6 17.Bf3 Qb6 18.Bxc6 bxc6 19.Qxd6 Rxe3 20.Rxe3 Qxe3+ 21.Kh1
Re8 22.h3 Qe4 23.Rd1 h6 24.Qd2 Re5 25.Qf2 Re7 26.Rd8+ Kh7 27.a3 Qe2 28.Qf5+
g6 29.Qf6 Qe1+ 30.Kh2 Qe5+ 31.Qxe5 Rxe5 32.Rd7 Kg7 33.Rxa7 Rb5 34.b4 Kf6
35.a4 Re5 36.Ra6 Re6 37.a5 Ke5 38.Rb6 Kd6 39.Rb7 f5 40.a6 Re8 41.c4 Ra8 42.b5
Kc5 43.a7 cxb5 44.cxb5 1-0

[Event "2016 Wellington Easter Open"]
[Site "Wellington NZL"]
[Date "2016.03.27" ]
[Round "5.15"]
[White "Renjith, Sravan"]
[Black "Braganza, Nadia"]
[Result "0-1"]
[WhiteElo "1510"]
[BlackElo "1364"]
[PlyCount "0"]
[EventDate "2016.03.25"]
[SourceDate ""]

1.e4 c5 2.d4 cxd4 3.c3 Nf6 4.e5 Nd5 5.cxd4 Nc6 6.Bc4 Nb6 7.Bb3 g6 8.Nf3 Bg7
9.Bf4 O-O 10.d5 Nb4 11.O-O d6 12.Nc3 Bg4 13.exd6 e5 14.dxe6 Bxe6 15.Bxe6 fxe6
16.Bg5 Qd7 17.a3 N4d5 18.Nxd5 Nxd5 19.Qe2 Qxd6 20.Rad1 Qb6 21.Rfe1 Rae8
22.Ne5 Bxe5 23.Qxe5 Qxf2+ 24.Kh1 Rf5 25.Qd6 Rxg5 26.Rg1 Ne3 27.Rd2 Nc4 28.Qd7
Qf7 29.Qxf7+ Kxf7 30.Rc2 Nb6 31.Rgc1 e5 32.Rc7+ Re7 33.Rxe7+ Kxe7 34.Rc7+ Kd6
35.Rxb7 e4 36.Kg1 Rf5 37.Rxh7 e3 38.Rh3 e2 39.Rd3+ Nd5 0-1

[Event "2016 Wellington Easter Open"]
[Site "Wellington NZL"]
[Date "2016.03.27" ]
[Round "5.16"]
[White "Cunningham, Patrick D"]
[Black "Austin, Tama"]
[Result "0-1"]
[WhiteElo "1744"]
[BlackElo "1178"]
[PlyCount "0"]
[EventDate "2016.03.25"]
[SourceDate ""]

1.d4 d5 2.Nf3 Nf6 3.g3 c6 4.Bg2 Bg4 5.O-O e6 6.Bg5 Be7 7.c4 O-O 8.Nc3 Nbd7
9.cxd5 cxd5 10.Rc1 h6 11.Bf4 a6 12.Qd2 Rc8 13.Bxh6 gxh6 14.Qxh6 Bxf3 15.Qg5+
Kh8 16.Bxf3 Nh7 17.Qh5 Bg5 18.Rcd1 Nf6 19.Qh3 Kg7 20.e4 dxe4 21.Nxe4 Rh8
22.Nc5 Nf8 23.Qg2 b5 24.Rfe1 N6d7 25.Ne4 Be7 26.Rc1 Rxc1 27.Rxc1 Nf6 28.Rd1
Nxe4 29.Bxe4 Bf6 30.Qf3 Ng6 31.Qd3 Ne7 32.a3 Nd5 33.Qf3 Kf8 34.Qd3 Ke7 35.Qd2
Qd6 36.Qc2 Rd8 37.Qd3 Nb6 38.d5 Nxd5 39.Qf3 Qe5 40.Qd3 Qxb2 41.Bxd5 Rxd5
42.Qf3 Rxd1+ 43.Qxd1 Qxa3 44.Qc2 Qa1+ 45.Kg2 Qc3 46.Qe4 Qb2 0-1

[Event "2016 Wellington Easter Open"]
[Site "Wellington NZL"]
[Date "2016.03.27" ]
[Round "5.17"]
[White "Theodosiou, Andreas"]
[Black "Phease, Tristan"]
[Result "0-1"]
[WhiteElo "1489"]
[BlackElo "987"]
[PlyCount "0"]
[EventDate "2016.03.25"]
[SourceDate ""]

1.d4 f5 2.Nf3 Nf6 3.e3 e6 4.c4 b6 5.Nc3 Bb7 6.h3 Nc6 7.d5 exd5 8.Nxd5 Nb4
9.Nxf6+ Qxf6 10.a3 Bxf3 11.Qxf3 Nc6 12.Bd3 g6 13.O-O O-O-O 14.Rb1 Kb8 15.Qd5
Ne5 16.Be2 c6 17.Qd2 d5 18.Qc3 Be7 19.cxd5 cxd5 20.Qe1 d4 21.exd4 Rxd4 22.Be3
Rd5 23.Bf4 g5 24.Bf3 Ra5 25.b4 gxf4 26.bxa5 Nxf3+ 27.gxf3 Rg8+ 28.Kh1 Qc6
29.Qe2 Bxa3 30.Rg1 Re8 31.Qd1 Bc5 32.a6 Bxf2 33.Rg7 Re1+ 34.Kg2 Rxd1 35.Rxd1
Bh4 36.Rxh7 Qg6+ 0-1

[Event "2016 Wellington Easter Open"]
[Site "Wellington NZL"]
[Date "2016.03.27" ]
[Round "5.20"]
[White "Lourenco, Eva"]
[Black "Winter, Ryan"]
[Result "1-0"]
[WhiteElo "1060"]
[BlackElo "1099"]
[PlyCount "0"]
[EventDate "2016.03.25"]
[SourceDate ""]

1.d4 Nf6 2.Nf3 e6 3.h3 Be7 4.Bf4 O-O 5.e3 b6 6.Bd3 Bb7 7.Nbd2 d5 8.c3 Nbd7
9.O-O Rc8 10.Bh2 c5 11.Ne5 Bd6 12.f4 Qe7 13.Ndf3 Ne4 14.Nxd7 Qxd7 15.Ne5 Bxe5
16.fxe5 Qe7 17.Qg4 Qg5 18.Qxg5 Nxg5 19.dxc5 bxc5 20.Rad1 Rb8 21.Rf4 Rfd8
22.Ra4 c4 23.Bc2 a6 24.b3 Rdc8 25.bxc4 Rxc4 26.Rxc4 dxc4 27.Rd4 Bd5 28.Bf4
Rb2 29.e4 h6 30.Bxg5 hxg5 31.exd5 Rxc2 32.d6 1-0

[Event "2016 Wellington Easter Open"]
[Site "Wellington NZL"]
[Date "2016.03.27" ]
[Round "5.21"]
[White "Dai, Zhiheng"]
[Black "Steadman, Mathew"]
[Result "0-1"]
[WhiteElo "1129"]
[BlackElo "1368"]
[PlyCount "0"]
[EventDate "2016.03.25"]
[SourceDate ""]

1.e4 d6 2.Nf3 Nd7 3.Bc4 h6 4.b3 Ngf6 5.Nc3 c6 6.Bb2 Qc7 7.O-O e5 8.d3 Be7
9.Qd2 Nf8 10.h3 b5 11.Bxf7+ Kxf7 12.d4 N8d7 13.a4 b4 14.Ne2 a5 15.dxe5 dxe5
16.Nxe5+ Nxe5 17.Bxe5 Qxe5 18.Qd4 Qxd4 19.Nxd4 c5 20.Nc6 Bd8 21.Nxd8+ Rxd8
22.Rfd1 Bb7 23.e5 Ne4 24.f3 Nc3 25.Rd3 Rxd3 26.cxd3 Rd8 27.g4 Rxd3 28.Re1 Rd1
29.Rxd1 Nxd1 30.Kg2 Ke6 31.Kg3 Kxe5 32.f4+ Kf6 33.Kh4 Bd5 34.g5+ hxg5+
35.fxg5+ Kg6 36.Kg4 Bxb3 37.h4 Bxa4 38.h5+ Kh7 39.g6+ Kh6 0-1